[Event "Marshall NY Int"]
[Site "New York USA"]
[Date "2008.06.24"]
[Round "7"]
[White "Bonin,J"]
[Black "Critelli,J"]
[Result "1/2-1/2"]
[WhiteElo "2368"]
[BlackElo "2343"]

1.g3 e5 2.c4 Nc6 3.Nc3 f5 4.Bg2 Nf6 5.a3 a5 6.d3 Bc5 7.e3 d6 8.Nge2 O-O 9.O-O Qe8
10.b3 Qh5 11.d4 Bb6 12.Nd5 Nxd5 13.cxd5 Nd8 14.dxe5 dxe5 15.Bb2 Nf7 16.Nc3 Qxd1
17.Rfxd1 Bd7 18.d6 c6 19.Na4 Ba7 20.b4 Rfd8 21.Nc5 Rab8 22.Bf1 axb4 23.axb4 Bxc5
24.bxc5 Be6 25.Ra7 Ng5 26.f4 Nf3+ 27.Kg2 Bb3 28.fxe5 Bxd1 29.Bc4+ Kh8 30.e6 Nd2
31.Ba2 Bf3+ 32.Kg1 Bd5 33.Bxd5 cxd5 34.Kg2 Nc4 35.Bd4 h6 36.d7 Kg8 37.c6 bxc6
38.e7 Rxd7 39.Rxd7 Re8 40.Rc7 Kf7 41.Bc5 Ne5 42.Bd6 Ng4 43.Bc5 Ne5 44.Bd6 Ng6
45.Rxc6 Nxe7 46.Rc7 Ke6 47.Bc5 Kf6  1/2-1/2

[Event "5th GM"]
[Site "Mulhouse FRA"]
[Date "2008.06.26"]
[Round "2"]
[White "Lazic,Mir"]
[Black "Kurmann,O"]
[Result "0-1"]
[WhiteElo "2539"]
[BlackElo "2385"]

1.g3 e5 2.c4 Nc6 3.Bg2 Bc5 4.Nc3 a6 5.e3 d6 6.Nge2 Ba7 7.O-O h5 8.Nd5 h4
9.b4 Bf5 10.b5 axb5 11.cxb5 Nb8 12.d4 Nd7 13.dxe5 Nxe5 14.b6 cxb6 15.Nd4 Bd7
16.f4 Nc4 17.a4 hxg3 18.hxg3 b5 19.axb5 Nb6 20.Nxb6 Bxb6 21.Rxa8 Qxa8 22.Qd3 Ne7
23.Bb2 Kf8 24.Ra1 Qb8 25.Ba3 Rh6 26.Bb4 Rf6 27.Qa3 Nf5 28.Nxf5 Bxf5 29.Rd1 Ke7
30.Bd5 Rg6 31.Kg2 Qc8 32.Bf3 Qd7 33.Rxd6 Rxd6 34.e4 Bh3+ 35.Kh2 Bf1 36.e5 Qh3+  0-1

[Event "Svein Johannessen Mem"]
[Site "Oslo NOR"]
[Date "2008.06.29"]
[Round "5"]
[White "Kovachev,D"]
[Black "Skovgaard,T"]
[Result "1/2-1/2"]
[WhiteElo "2189"]
[BlackElo "1997"]

1.c4 e5 2.g3 Nf6 3.Bg2 c6 4.d4 exd4 5.Qxd4 Na6 6.Nc3 Bc5 7.Qd1 O-O 8.a3 Re8
9.Nf3 Nc7 10.O-O d5 11.b4 Bf8 12.c5 a5 13.Na4 axb4 14.axb4 g6 15.Bb2 Bg7
16.Nd4 Ne6 17.Nxe6 Bxe6 18.e3 Qe7 19.Bd4 Bf5 20.Qb3 Qe6 21.Qb2 Bd3 22.Rfd1 Bb5
23.Nc3 Bc4 24.b5 Rxa1 25.Rxa1 cxb5 26.Nxb5 Bxb5 27.Qxb5 Nd7 28.Ra7 Bxd4 29.exd4 Qg4
30.Bxd5 Qd1+ 31.Kg2 Re1 32.h4 Nf6 33.Bf3 Rg1+ 34.Kh2 Ng4+ 35.Bxg4 Rh1+ 36.Kg2 Rg1+  1/2-1/2

[Event "Sparkassen Open"]
[Site "Dortmund GER"]
[Date "2008.07.01"]
[Round "3"]
[White "Karmann,An"]
[Black "Rueberg,J"]
[Result "1/2-1/2"]
[WhiteElo "1891"]
[BlackElo "2244"]

1.c4 e5 2.g3 Nc6 3.Bg2 g6 4.Nc3 Bg7 5.d3 f5 6.e3 Nf6 7.Nge2 O-O 8.O-O d6
9.Rb1 a5 10.b3 Ne7 11.f4 Rb8 12.Bb2 c6 13.Qd2 h6 14.Rbc1 Kh7 15.e4 Qc7 16.Nd1 Be6
17.Ne3 Rbd8 18.Bc3 Ra8 19.c5 exf4 20.Nxf4 Bg8 21.cxd6 Qxd6 22.e5 Qc7 23.exf6 Bxf6
24.Bxf6 Rxf6 25.Kh1 Rd8 26.Qc3 Rff8 27.Nc4 g5 28.Ne2 Nd5 29.Qxa5 Qxa5 30.Nxa5 Ne3
31.Rfe1 Nxg2 32.Kxg2 Ra8 33.Nxb7 Rxa2 34.Nc5 f4 35.gxf4 gxf4 36.Kf3 Bf7 37.Nxf4 Rxh2
38.Re7 Kg7 39.Nce6+ Kf6 40.Nxf8 Kxe7 41.N8g6+ Kd6 42.Rb1 Be8 43.b4 h5 44.Kg3 Rd2
45.Nh4 Ra2 46.Nf3 Ra3 47.Kh4 Bf7 48.Nd2 Ke5 49.Nc4+ Bxc4 50.dxc4 Kxf4 51.Kxh5 Ke5
52.b5  1/2-1/2

[Event "Sparkassen Open"]
[Site "Dortmund GER"]
[Date "2008.07.01"]
[Round "3"]
[White "Petrosian,S"]
[Black "Rehberg,R"]
[Result "1-0"]
[WhiteElo "2402"]
[BlackElo "2221"]

1.g3 e5 2.c4 Nc6 3.Bg2 f5 4.Nc3 Nf6 5.e3 Bc5 6.Nge2 e4 7.d4 exd3 8.Qxd3 d6
9.O-O O-O 10.b3 Ne5 11.Qc2 g5 12.Bb2 c6 13.Na4 Bb4 14.Rad1 Qe7 15.f4 Ned7
16.Qxf5 Qxe3+ 17.Rf2 Rf7 18.Qxg5+ Rg7 19.Qh4 Rg6 20.Bc1 Qe7 21.f5 Rg7 22.Bg5 Rf7
23.Nf4 Ba5 24.Re2 Qf8 25.Ne6 Qe8 26.Rxd6  1-0

[Event "Sparkassen Open"]
[Site "Dortmund GER"]
[Date "2008.07.02"]
[Round "4"]
[White "Goemann,J"]
[Black "Stockhuss,K"]
[Result "1-0"]
[WhiteElo "2150"]
[BlackElo "1901"]

1.c4 e5 2.g3 Nc6 3.Bg2 g6 4.Nc3 Bg7 5.Nf3 d6 6.d3 f5 7.O-O Nf6 8.Rb1 a5 9.a3 h6
10.b4 axb4 11.axb4 O-O 12.b5 Ne7 13.Bb2 f4 14.Ra1 Be6 15.Nd2 Rxa1 16.Qxa1 b6
17.Qa7 Qd7 18.Nce4 Nxe4 19.Nxe4 d5 20.cxd5 Bxd5 21.Qa4 Ra8 22.Qb4 Ra5 23.Nc3 Bxg2
24.Kxg2 Nd5 25.Qc4 Kh7 26.Nxd5  1-0

[Event "Sparkassen Open"]
[Site "Dortmund GER"]
[Date "2008.07.03"]
[Round "6"]
[White "Szobries,H"]
[Black "Lapidus,M"]
[Result "1/2-1/2"]
[WhiteElo "1931"]
[BlackElo "1877"]

1.c4 e5 2.g3 Nf6 3.Bg2 d5 4.cxd5 Nxd5 5.Nf3 Nc6 6.d4 Bb4+ 7.Bd2 e4 8.Ne5 e3
9.Bxb4 exf2+ 10.Kxf2 Ndxb4 11.Nxc6 Nxc6 12.Bxc6+ bxc6 13.Qd3 O-O 14.Nd2 Qf6+
15.Nf3 Bf5 16.Qc3 Be4 17.Rhd1 Rab8 18.Rd2 Rb5 19.Kg1 Rf5 20.Rf1 h5 21.Rdd1 Bd5
22.Ne5 Rxf1+ 23.Rxf1 Qe6 24.Rf4 f6 25.e4 fxe5 26.exd5 Qxd5 27.Rxf8+ Kxf8
28.dxe5 Qxa2 29.Qc5+ Kg8 30.Qe7 Qb1+ 31.Kg2 Qxb2+ 32.Kh3 Qe2 33.Qe8+ Kh7
34.e6 Qf1+ 35.Kh4 Qf6+ 36.Kh3 Qf1+ 37.Kh4 Qf5 38.Qxh5+ Qxh5+ 39.Kxh5 g6+
40.Kg5 Kg7 41.h4 a5 42.g4 a4 43.h5 gxh5 44.gxh5 a3 45.h6+ Kh7 46.e7  1/2-1/2

[Event "Sparkassen Open"]
[Site "Dortmund GER"]
[Date "2008.07.04"]
[Round "7"]
[White "Karmann,An"]
[Black "Strathoff,J"]
[Result "1/2-1/2"]
[WhiteElo "1891"]
[BlackElo "2017"]

1.c4 e5 2.g3 g6 3.Bg2 Bg7 4.Nc3 Ne7 5.e3 c5 6.Nge2 Nbc6 7.O-O O-O 8.d3 d6
9.Rb1 Rb8 10.a3 Be6 11.b4 Qd7 12.b5 Nd8 13.Nd5 Nxd5 14.Bxd5 Bxd5 15.cxd5 f5
16.Qc2 b6 17.Kg2 Rb7 18.f3 Nf7 19.e4 Bh6 20.f4 exf4 21.Nxf4 Bxf4 22.gxf4 Nh6
23.h3 Kf7 24.Bb2 Ke8 25.Qf2 Ng8 26.a4 Kd8 27.Qf3 fxe4 28.dxe4 Kc8 29.e5 dxe5
30.Bxe5 Ne7 31.d6 Nf5 32.Qc6+ Kb8 33.Rfe1 g5 34.Qxd7 Rxd7 35.fxg5 Nh4+ 36.Kg3 Ng6
37.Rbd1 Nxe5 38.Rxe5 Kc8 39.h4 Rdf7 40.Re4 Kd7 41.Kg4 Rg7 42.Kh5 Rff7 43.Rd3 Rg6
44.Ree3 Rxd6 45.Rxd6+ Kxd6 46.Kh6 c4 47.h5 Kc5 48.g6 hxg6 49.hxg6 Rf6 50.Re7 c3
51.Rxa7 Kd6 52.Rf7 Ke6 53.Rc7 Kf5 54.Rxc3 Rxg6+ 55.Kh7 Rd6 56.Kg7 Ke6  1/2-1/2

[Event "Sparkassen Open"]
[Site "Dortmund GER"]
[Date "2008.07.04"]
[Round "7"]
[White "Coenen,M"]
[Black "Webb,L"]
[Result "1/2-1/2"]
[WhiteElo "2174"]
[BlackElo "2309"]

1.c4 e5 2.g3 Nf6 3.Bg2 d5 4.cxd5 Nxd5 5.Nc3 Nb6 6.d3 Be7 7.Nf3 Nc6 8.a3 O-O
9.b4 Be6 10.O-O Nd4 11.Bb2 Nxf3+ 12.Bxf3 c6 13.b5 cxb5 14.Bxb7 Rb8 15.Bg2 a6
16.Rc1 f6 17.Nb1 Na4 18.Ba1 Qd7 19.d4 exd4 20.Qxd4 Qxd4 21.Bxd4 Rfd8 22.Ba7 Rbc8
23.Bb7 Rxc1 24.Rxc1 a5 25.Bc6 Rc8 26.Be3 Rb8 27.Ba7 Rc8 28.Be3 Nb2 29.Bxb5 Rb8
30.a4 Bb3 31.Bf4 Rf8 32.Bd2 Bxa4 33.Bxa4 Nxa4 34.Bxa5 Ra8 35.Bd2 Rb8 36.Kf1 Rb2
37.Be1 Kf7 38.Nc3 Nxc3 39.Bxc3 Ra2 40.Bd4 Ra4 41.Be3 Ra2 42.h4 h5 43.Rc7 Ke6
44.Rb7 g6 45.f3 Rc2 46.Rb5 Rc4 47.Kf2 Rb4 48.Ra5 Rc4 49.Ra8 Kf7 50.Ra2 Ke6
51.Rd2 Bc5 52.Bxc5 Rxc5 53.g4 hxg4 54.fxg4 Rc3 55.Rd3 Rc1 56.Rh3 Kf7 57.h5 Kg7
58.Rh2 Kh6 59.Kf3 Rf1+ 60.Ke3 Rg1 61.hxg6+ Kxg6 62.Kf3 Rf1+ 63.Rf2 Ra1 64.Kf4 Ra4+
65.e4 Ra1 66.Rf3 Ra2 67.Rb3 Rf2+ 68.Kg3 Ra2 69.Rb6 Kg5 70.Rb5+ Kg6 71.Rb8 Ra1
72.Rg8+  1/2-1/2

[Event "Greek Cup Final PO Rapid"]
[Site "Kallithea GRE"]
[Date "2008.07.04"]
[Round "2"]
[White "Mastrovasilis,A"]
[Black "Banikas,H"]
[Result "1/2-1/2"]
[WhiteElo "2518"]
[BlackElo "2571"]

1.c4 e5 2.g3 d6 3.Bg2 f5 4.Nc3 Nf6 5.d3 Be7 6.e4 O-O 7.Nge2 c6 8.O-O Na6
9.h3 Qe8 10.exf5 Bxf5 11.g4 Bd7 12.f4 Bd8 13.f5 Bb6+ 14.Kh2 h5 15.Ng3 hxg4
16.hxg4 g6 17.g5 gxf5 18.gxf6 Rxf6 19.Nce4 Rf7 20.Ng5 Rf6 21.Bh3 f4 22.N3e4 Rh6
23.Qf3 d5 24.cxd5 cxd5 25.Nf6+ Rxf6 26.Qxd5+ Kg7 27.Qxd7+ Qxd7 28.Bxd7 Rh8+
29.Bh3 Rg6 30.Ne4 Rgh6 31.Rf3 Nb4 32.Bd2 Nc2 33.Raf1 Nd4 34.Bc3 Nxf3+ 35.Rxf3 Bd4
36.Bxd4 exd4 37.Kg2 Rg6+ 38.Kf2 Rc6 39.Kg1 Rc2 40.Rf2 Rh6 41.Kg2 Rb6 42.b3 Ra6
43.Bc8 Raxa2 44.Bxb7 a5 45.Kf3 Rab2 46.Bd5  1/2-1/2

[Event "ch-NOR Elite"]
[Site "Tonsberg NOR"]
[Date "2008.07.05"]
[Round "1"]
[White "Lie,Es"]
[Black "Moen,A"]
[Result "1-0"]
[WhiteElo "2440"]
[BlackElo "2295"]

1.c4 e5 2.g3 Nc6 3.Bg2 Bc5 4.Nc3 Nf6 5.a3 a6 6.e3 O-O 7.Nge2 d6 8.O-O Ne7
9.d4 Ba7 10.b3 c6 11.Bb2 Bg4 12.h3 exd4 13.hxg4 dxc3 14.Nxc3 h6 15.Ne4 Nxe4
16.Bxe4 Qd7 17.Qe2 Rae8 18.Rad1 Qe6 19.Bb1 f5 20.gxf5 Nxf5 21.Qg4 g6 22.Qf4 Re7
23.Bxf5 Rxf5 24.Qxd6 Qf7 25.Qd8+ Re8 26.Rd7 Rxd8 27.Rxd8+ Qf8 28.Rxf8+ Kxf8
29.Rd1 Ke7 30.Kg2 h5 31.f4 Rf7 32.Kf3 Ke6 33.e4 Bc5 34.Rd8 Rf8 35.Rd1 Be7
36.b4 Rd8 37.Rxd8 Bxd8 38.Bg7 Be7 39.Ke3 Kf7 40.Be5 Ke6 41.Kd4 a5 42.c5 axb4
43.axb4 Bd8 44.Ke3 Be7 45.Bd4 Bd8 46.Kf3 Be7 47.Kg2 Bf8 48.Kh3 Be7 49.Bg7 Kf7
50.Bh6 Ke6 51.g4 hxg4+ 52.Kxg4 Bf6 53.e5 Bd8 54.Bg5 Bc7 55.Bf6 b6 56.Kg5 Kf7
57.b5 cxb5 58.c6 b4 59.f5 gxf5 60.Kxf5 b3 61.e6+ Ke8 62.Ke4 Bd8 63.Kd3  1-0

[Event "XXIII Tadeusz Gniota Mem"]
[Site "Police POL"]
[Date "2008.07.09"]
[Round "1"]
[White "Danielsen,Hen"]
[Black "Buczak,K"]
[Result "1-0"]
[WhiteElo "2526"]
[BlackElo "2167"]

1.g3 e5 2.c4 Nf6 3.Bg2 Nc6 4.Nc3 Bc5 5.a3 a5 6.e3 O-O 7.Nge2 Re8 8.d3 d6
9.O-O Bf5 10.h3 Bb6 11.Kh2 Be6 12.f4 g6 13.Nd5 Bxd5 14.cxd5 Ne7 15.fxe5 Nfxd5
16.Qb3 Nxe3 17.Qxf7+ Kh8 18.Qf6+ Kg8 19.Bxe3 Bxe3 20.Nf4 Bxf4 21.Rxf4 dxe5
22.Qe6+ Kh8 23.Qxe5+ Kg8 24.Bxb7 Rb8 25.Qe6+ Kh8 26.Qf6+ Kg8 27.Rd4 Qxd4
28.Qxd4 Rxb7 29.Re1 c6 30.Qc4+ Kg7 31.Re2 Rb5 32.Qd4+ Kg8 33.Qd7 Kf7 34.g4  1-0

[Event "Heart of Finland"]
[Site "Jyvaskyla FIN"]
[Date "2008.07.12"]
[Round "1"]
[White "Krylov,St"]
[Black "Jarvinen,S"]
[Result "0-1"]
[WhiteElo "2236"]
[BlackElo "1891"]

1.c4 e5 2.g3 Nf6 3.Bg2 Be7 4.Nc3 O-O 5.Nf3 Nc6 6.Rb1 d5 7.cxd5 Nxd5 8.O-O Be6
9.d3 Qd7 10.Ng5 Bxg5 11.Bxg5 h6 12.Bd2 Rad8 13.a3 Nce7 14.Re1 c6 15.Qa4 f5
16.Nxd5 Bxd5 17.Qxa7 Bxg2 18.Kxg2 f4 19.Bb4 Rf6 20.Bxe7 Qxe7 21.f3 Rd4 22.Rg1 Qd7
23.Rbe1 Qd5 24.Qxb7 fxg3 25.hxg3 Rxd3 26.Qc8+ Qd8 27.Qxd8+ Rxd8 28.Rd1 Rfd6
29.Rxd6 Rxd6 30.Rb1 Kf7 31.Kf2 Ke6 32.Ke3 Rd5 33.Rc1 Kd6 34.Rc3 h5 35.b4 g5
36.Rc1 h4 37.gxh4 gxh4 38.Rg1 Rd4 39.Rg4 Rd1 40.Rxh4 Ra1 41.Ke4 Rxa3 42.Rh6+ Kc7  0-1

[Event "Aegean Open"]
[Site "Aghios Kirykos GRE"]
[Date "2008.07.13"]
[Round "2"]
[White "Ornithopoulos,N"]
[Black "Lekic,D"]
[Result "0-1"]
[WhiteElo "2091"]
[BlackElo "2377"]

1.c4 e5 2.g3 Nf6 3.Bg2 d5 4.cxd5 Nxd5 5.Nc3 Nb6 6.Nf3 Nc6 7.O-O Be7 8.a4 a5
9.d3 Be6 10.Nb5 O-O 11.Be3 Nd5 12.Bd2 f6 13.d4 e4 14.Ne1 f5 15.Nc2 Ncb4 16.Nc3 Nf6
17.d5 Nxc2 18.Qxc2 Nxd5 19.Nxd5 Bxd5 20.f3 exf3 21.Bxf3 c6 22.Be3 Be6 23.Rad1 Qe8
24.Bc5 Qf7 25.Bxe7 Qxe7 26.e4 Qb4 27.Rde1 Rad8 28.Qc3 Qxc3 29.bxc3 Rd3 30.Rb1 Bc8
31.Rb3 Rd2 32.e5 Re8 33.Re1 Kf7 34.c4 Re7 35.Rc3 Be6 36.Rb1 Rd4 37.Rbc1 g5
38.R1c2 Kg6 39.Kf2 Bf7 40.Ke3 Rdd7 41.g4 Rxe5+ 42.Kf2 f4 43.Re2 Kf6 44.Be4 h6
45.Kf3 Rde7 46.Rcc2 Rxe4 47.Rxe4 Rxe4  0-1

[Event "Maestro Open"]
[Site "Berdsk RUS"]
[Date "2008.07.14"]
[Round "7"]
[White "Loginov,Vladis"]
[Black "Lesin,D"]
[Result "0-1"]
[WhiteElo "2106"]
[BlackElo "2258"]

1.c4 e5 2.g3 Nc6 3.Bg2 Nf6 4.Nc3 Bb4 5.Nf3 O-O 6.O-O Bxc3 7.bxc3 e4 8.Ng5 Re8
9.f3 exf3 10.Nxf3 d5 11.d4 Ne4 12.Qc2 dxc4 13.Ne5 Nxe5 14.Bxe4 Ng6 15.Bg2 Bg4
16.e4 Qd7 17.Qf2 f6 18.Re1 c6 19.Ba3 b5 20.Qf1 a5 21.h3 Be6 22.Rad1 Rad8
23.Bc5 Bf7 24.e5 f5 25.Bd6 Rc8 26.d5 cxd5 27.Bxd5 Bxd5 28.Rxd5 Ne7 29.Rd2 Nc6
30.Qf4 Qe6 31.a3 h6 32.Rf2 Rcd8 33.Qf3 Rxd6  0-1

[Event "17th ch-MKD"]
[Site "Struga MKD"]
[Date "2008.07.14"]
[Round "1"]
[White "Damceski,M"]
[Black "Bogdanovski,V"]
[Result "0-1"]
[WhiteElo "2045"]
[BlackElo "2388"]

1.c4 e5 2.g3 Nf6 3.Bg2 c6 4.d4 Bb4+ 5.Bd2 Bxd2+ 6.Qxd2 d6 7.e3 O-O 8.Ne2 Na6
9.O-O Re8 10.a3 Be6 11.b3 exd4 12.Nxd4 d5 13.Nxe6 fxe6 14.Re1 dxc4 15.bxc4 Nc5
16.Qc2 Qd3 17.Ra2 Rad8 18.Nd2 Qxc2 19.Rxc2 Rd3 20.Nb1 Red8 21.Bf1 Rb3 22.Rec1 Kf7
23.Be2 Ke7 24.Rc3 Rb6 25.f3 Nfd7 26.f4 Nf6 27.e4 Nfxe4 28.Re3 Rb3 29.Rxb3 Nxb3
30.Re1 Nbc5 31.Rd1 Rxd1+ 32.Bxd1 e5 33.f5 Nd6 34.g4 Nxc4 35.h4 Ne3 36.Be2 h5
37.Kf2 Nxg4+  0-1

[Event "Aegean Open"]
[Site "Aghios Kirykos GRE"]
[Date "2008.07.17"]
[Round "6"]
[White "Ornithopoulos,N"]
[Black "Mitsakos,A"]
[Result "1-0"]
[WhiteElo "2091"]
[BlackElo "1836"]

1.c4 e5 2.g3 Nf6 3.Bg2 d5 4.cxd5 Nxd5 5.Nf3 Nc6 6.d3 Be7 7.Nc3 Nb6 8.a4 a5
9.Be3 Nd5 10.Nxd5 Qxd5 11.O-O Qd6 12.Rc1 Qb4 13.Bd2 Qd6 14.Be3 Qb4 15.Rxc6 bxc6
16.Nxe5 O-O 17.Nxc6 Qd6 18.Nxe7+ Qxe7 19.Bxa8 Be6 20.Bc6 Qd6 21.Qc2 Rb8 22.Bf4 Qe7
23.Bb5  1-0

[Event "Heart of Finland"]
[Site "Jyvaskyla FIN"]
[Date "2008.07.18"]
[Round "9"]
[White "Sassi,P"]
[Black "Iivonen,M"]
[Result "1/2-1/2"]
[WhiteElo "2140"]
[BlackElo "2014"]

1.c4 e5 2.g3 d6 3.Bg2 f5 4.Nc3 Nf6 5.d3 Be7 6.e3 O-O 7.Nge2 c6 8.O-O Qe8
9.f4 Ng4 10.Rb1 Nd7 11.b4 Ndf6 12.b5 c5 13.Nd5 Nxd5 14.Bxd5+ Kh8 15.Bg2 Qf7
16.Bd2 Rb8 17.Nc3 Be6 18.Nd5 Bxd5 19.Bxd5 Qg6 20.Qf3 b6 21.Rfe1 Nf6 22.Bc3 e4
23.dxe4 Nxe4 24.Bxe4 fxe4 25.Qe2 Rf5 26.Red1 Rbf8 27.Rd2 h5 28.Rbd1 h4 29.g4 R5f7
30.h3 Ra8 31.Rd5 a6 32.f5 Qh6 33.f6 Bxf6 34.Rh5 Qxh5 35.gxh5 Bxc3 36.Qc2 Be5
37.Qxe4 Rfa7 38.a4 axb5 39.axb5 Bg3 40.Qc6 Ra2 41.Qxb6 Bh2+ 42.Kh1 Bg3 43.Qc6 Rf8
44.Rb1 Rh2+ 45.Kg1 Rxh3 46.Qg2 Rh2 47.Qxh2 Bxh2+ 48.Kxh2 Kh7 49.Rd1 Rf2+
50.Kg1 Rc2 51.Rxd6 Rxc4 52.Rc6 Rc2 53.b6 Rb2 54.e4 Kg8 55.e5 Kf7 56.Rg6 c4
57.e6+ Kf8 58.e7+ Kxe7 59.Rg4 Kf6 60.Rg6+ Kf7 61.Rc6 c3 62.Rc7+ Kf6 63.b7 c2
64.Rxc2 Rxb7  1/2-1/2

[Event "19th Czech Chladek & Tintera A Open"]
[Site "Pardubice CZE"]
[Date "2008.07.18"]
[Round "1"]
[White "Llorente Zaro,A"]
[Black "Gnichtel,G"]
[Result "1-0"]
[WhiteElo "2423"]
[BlackElo "2225"]

1.c4 e5 2.g3 Nf6 3.Bg2 d5 4.cxd5 Nxd5 5.Nf3 Nc6 6.O-O Be7 7.d4 exd4 8.Nxd4 Nxd4
9.Qxd4 Nf6 10.Qa4+ c6 11.Rd1 Qb6 12.Be3 Bc5 13.Bxc5 Qxc5 14.b4 Qe5 15.Qa5 Nd7
16.Nd2 O-O 17.Ne4 Qe7 18.Rac1 Nf6 19.Qc5 Qxc5 20.Nxc5 a5 21.b5 cxb5 22.Nxb7 Bxb7
23.Bxb7 Rab8 24.Bc6 Rb6 25.Rc5 Rfb8 26.Rxb5 Rxb5 27.Bxb5 Kf8 28.Bc4 Ke7 29.Kg2 Rb2
30.Rd4 Ne8 31.e3 Nd6 32.Bb3 f5 33.Bd5 Kf6 34.Ra4 Rb5 35.Bb3 Ne4 36.Rd4 Nc5
37.Rd5 g6 38.Bc4  1-0

[Event "2nd Dragana Vjestice Mem"]
[Site "Banja Luka BIH"]
[Date "2008.07.21"]
[Round "1"]
[White "Goric,E"]
[Black "Kelecevic,M"]
[Result "0-1"]
[WhiteElo "2388"]
[BlackElo "2263"]

1.c4 e5 2.g3 Nf6 3.Bg2 d5 4.cxd5 Nxd5 5.Nc3 Be6 6.Nf3 Nc6 7.O-O Be7 8.d3 O-O
9.Bd2 Nxc3 10.bxc3 h6 11.Qa4 Qd7 12.Rab1 Rab8 13.Rfd1 Bh3 14.Bh1 Nd4  0-1

[Event "XIII Open"]
[Site "Balaguer ESP"]
[Date "2008.07.22"]
[Round "9"]
[White "Martinez Lopez,I"]
[Black "Ipatov,A"]
[Result "0-1"]
[WhiteElo "2251"]
[BlackElo "2433"]

1.c4 e5 2.g3 Nc6 3.Bg2 Nf6 4.Nc3 Bb4 5.Nd5 Bc5 6.e3 d6 7.Ne2 Nxd5 8.cxd5 Ne7
9.d4 Bb6 10.dxe5 dxe5 11.Nc3 O-O 12.O-O Nf5 13.Na4 Nd6 14.Nxb6 axb6 15.b3 Bf5
16.Bb2 f6 17.f3 e4 18.f4 Qd7 19.Rf2 Ra5 20.Bc3 Raa8 21.Rd2 Bg4 22.Qf1 Rfe8
23.h3 Bf3 24.Re1 h5 25.Bb4 Bxg2 26.Qxg2 Nf5 27.Qf2 Red8 28.Red1 Qf7 29.Kh2 Rd7
30.g4 Nh6 31.Qg2 hxg4 32.hxg4 f5 33.gxf5 Qh5+ 34.Qh3 Ng4+ 35.Kg3 Qxh3+ 36.Kxh3 Nxe3
37.Re1 Nxd5 38.Rxe4 c5 39.Bc3 Nxc3 40.Rxd7 Nxe4 41.Rxb7 Rxa2 42.Rxb6 Rf2
43.Kg4 Nf6+ 44.Kg3 Rc2 45.b4 cxb4 46.Rxb4 Rc5 47.Ra4 Rxf5 48.Kh3 Kh7 49.Kh4 Kg6
50.Rc4 Nd5 51.Kg3 Rxf4 52.Rxf4 Nxf4 53.Kxf4 Kh5 54.Kf3 Kh4 55.Kf4 g5+ 56.Kf3 Kh3
57.Kf2 g4 58.Kg1 Kg3  0-1

[Event "Dutch Open"]
[Site "Dieren NED"]
[Date "2008.07.22"]
[Round "1"]
[White "Obers,F"]
[Black "Bitalzadeh,A"]
[Result "0-1"]
[WhiteElo "2112"]
[BlackElo "2310"]

1.c4 e5 2.g3 c6 3.Bg2 d5 4.cxd5 cxd5 5.d4 e4 6.Nc3 Nc6 7.f3 exf3 8.Nxf3 Nf6
9.Bg5 Be7 10.O-O O-O 11.e3 Re8 12.a3 Ng4 13.Bxe7 Nxe7 14.Qd2 Nf5 15.Ne5 Nxe5
16.dxe5 Rxe5 17.Nxd5 Be6 18.e4 Bxd5 19.exd5 Ne3 20.Rfe1 Qb6 21.Qb4 Nd1+  0-1

[Event "XXVI Andorra Open"]
[Site "La Massana AND"]
[Date "2008.07.22"]
[Round "4"]
[White "De la Villa Garcia,J"]
[Black "Lillo Castay,V"]
[Result "1-0"]
[WhiteElo "2458"]
[BlackElo "2150"]

1.c4 e5 2.g3 Nf6 3.Bg2 d5 4.cxd5 Nxd5 5.Nf3 Nc6 6.O-O Be7 7.d4 exd4 8.Nxd4 Nxd4
9.Qxd4 Nf6 10.Qa4+ Qd7 11.Qc2 c6 12.Nc3 O-O 13.e4 Qg4 14.h3 Qh5 15.g4 Qa5
16.Be3 Be6 17.a3 Rfd8 18.Ne2 Qb5 19.Nd4 Qc4 20.Qxc4 Bxc4 21.Rfc1 Ba6 22.Nf5 Bf8
23.Bg5 Rd7 24.Bxf6 gxf6 25.Bf1 Bxf1 26.Kxf1 Rd2 27.Rab1 Re8 28.Rc4 Re5 29.Ke1 Rd3
30.Ne3 Bc5 31.Rd1 Rxd1+ 32.Nxd1 b5 33.Rc2 Rxe4+ 34.Kf1 Re5 35.b4 Bb6 36.Rxc6 Rd5
37.Nc3 Rd3 38.Kg2 Kg7 39.h4 Rd2 40.Ne4 Rd3 41.h5 Rxa3 42.Rxf6 h6 43.g5 hxg5
44.h6+ Kf8 45.h7 Kg7 46.Rxf7+  1-0

[Event "19th Czech Chladek & Tintera A Open"]
[Site "Pardubice CZE"]
[Date "2008.07.22"]
[Round "5"]
[White "Danielsen,Hen"]
[Black "Dobrowolski,P"]
[Result "1-0"]
[WhiteElo "2526"]
[BlackElo "2426"]

1.g3 e5 2.c4 Nc6 3.Bg2 f5 4.Nc3 Nf6 5.d3 Bb4 6.Bd2 Bxc3 7.Bxc3 d6 8.b4 O-O
9.b5 Ne7 10.Nf3 Qe8 11.e3 f4 12.gxf4 exf4 13.e4 Qh5 14.h3 Ng6 15.a4 Nd7 16.Bf1 Nc5
17.Rg1 Bd7 18.Be2 Qh6 19.Kd2 a6 20.Kc2 Rfe8 21.Bd4 axb5 22.axb5 c6 23.Bxc5 dxc5
24.b6 Qxh3 25.Ra7 Qe6 26.Ng5 Rxa7 27.Nxe6 Ra2+ 28.Kb3 Rea8 29.Nxc5 Ne5 30.d4 f3
31.dxe5  1-0

[Event "XXVI Andorra Open"]
[Site "La Massana AND"]
[Date "2008.07.24"]
[Round "6"]
[White "Marin,Mi"]
[Black "Bae,T"]
[Result "1/2-1/2"]
[WhiteElo "2553"]
[BlackElo "2402"]

1.c4 e5 2.g3 Nf6 3.Bg2 c6 4.d4 exd4 5.Qxd4 d5 6.Nf3 Be7 7.cxd5 cxd5 8.O-O O-O
9.Nc3 Nc6 10.Qa4 Qb6 11.Qb5 Qd8 12.Bg5 d4 13.Rfd1 a6 14.Qa4 b5 15.Qc2 Be6
16.Bxf6 Bxf6 17.Ne4 Rc8 18.Qd2 Be7  1/2-1/2

[Event "Dutch Open"]
[Site "Dieren NED"]
[Date "2008.07.26"]
[Round "5"]
[White "Kabanof,N"]
[Black "Munnik,T"]
[Result "1-0"]
[WhiteElo "2132"]
[BlackElo "1965"]

1.c4 e5 2.g3 Nf6 3.Nc3 Bb4 4.Bg2 c6 5.Nf3 Qe7 6.O-O O-O 7.d3 Rd8 8.Bg5 h6
9.Bd2 d5 10.cxd5 cxd5 11.a3 Bc5 12.b4 Bb6 13.Na4 Bc7 14.Qc2 Bf5 15.Nh4 Bg4
16.h3 Be6 17.Nc5 Bc8 18.e4 dxe4 19.dxe4 b6 20.Nf5 Qe8 21.Nb3 Be6 22.Qxc7 Bxb3
23.Bc3 Nc6 24.Qxc6 Qxc6 25.Ne7+ Kf8 26.Nxc6 Rdc8 27.b5 Bc4 28.a4 Bxf1 29.Kxf1 a6
30.Bxe5 Nd7 31.Bd4 axb5 32.axb5 Rxa1+ 33.Bxa1 Ra8 34.Bc3 Ra2 35.e5 Rc2 36.Bb4+ Nc5
37.Bd5 Ke8 38.Nd4 Rc1+ 39.Ke2 Rb1 40.Bd2 Kf8 41.g4 Rb2 42.f4 Na4 43.Ke3 Nc5
44.h4 Rb1 45.h5 Ra1 46.Nb3 Nxb3 47.Bxb3 Rg1 48.Ke4 Rxg4 49.Be3 g5 50.hxg6 Rxg6
51.f5 Rg4+ 52.Kd5 h5 53.Bxb6 h4 54.Bc5+ Ke8 55.Kd6 Rg3 56.Bd5 Kd8 57.b6 Kc8
58.b7+ Kb8 59.Kc6 Rc3 60.Bxf7 h3 61.Bd5 h2 62.f6 h1=Q 63.Bxh1 Rf3 64.Bd6+  1-0

[Event "19th Czech Jihlavanka B Open"]
[Site "Pardubice CZE"]
[Date "2008.07.26"]
[Round "9"]
[White "Golcman,E"]
[Black "Pecha,T"]
[Result "0-1"]
[WhiteElo "2255"]
[BlackElo "2096"]

1.c4 e5 2.g3 Nf6 3.Bg2 d5 4.cxd5 Nxd5 5.Nf3 Nc6 6.O-O Be7 7.d4 exd4 8.Nxd4 Nxd4
9.Qxd4 Nf6 10.Qa4+ c6 11.Rd1 Qb6 12.Be3 Bc5 13.Bxc5 Qxc5 14.Nc3 O-O 15.Rac1 Qe7
16.Rd2 Be6 17.Rcd1 Nd7 18.h3 Nb6 19.Qc2 Rfd8 20.Rd3 h6 21.Qd2 Rxd3 22.Qxd3 Qb4
23.Be4 Bxh3 24.Qd8+ Qf8 25.Qc7 Qc8 26.Qe7 Bd7 27.Bc2 Qe8 28.Qb4 Be6 29.Qd4 Nd5
30.Qd3 g6 31.Na4 b6 32.Qd2 Qf8 33.e4 Nc7 34.Nc3 Bg4 35.Re1 Ne6 36.Bd1 Rd8
37.Qc1 Bxd1 38.Rxd1 Rxd1+ 39.Qxd1 Qd8 40.Qe2 Qd4 41.Qa6 Qd7 42.e5 Ng5 43.Qe2 Qd4
44.Kg2 Ne6 45.Qf3 Qxe5 46.Qxc6 Qc7 47.Qe4 Ng5 48.Qd5 Qc8 49.Nb5 a6 50.Nd6 Qe6
51.Qxe6 Nxe6 52.Kf3 f5 53.Ke3 Kg7 54.b4 b5 55.Nc8 Kf6 56.f4 g5 57.Nb6 gxf4+
58.gxf4 Nc7 59.Kd4 h5 60.Nd7+ Ke7 61.Ne5 Ne6+ 62.Ke3 Kd6 63.Nf3 Kd5 64.Nh4 Nd4
65.Kd3 Nc6 66.a3 Ne7 67.Ng2 Ng6 68.Ne3+ Ke6 69.Ng2 h4 70.Ne1 Nxf4+ 71.Kd4 Kd6
72.Nf3 h3 73.Nh4 h2 74.Nxf5+ Kd7  0-1

[Event "Dutch Open"]
[Site "Dieren NED"]
[Date "2008.07.29"]
[Round "7"]
[White "Obers,F"]
[Black "Markus,J"]
[Result "1/2-1/2"]
[WhiteElo "2112"]
[BlackElo "2179"]

1.c4 e5 2.g3 Nc6 3.Bg2 f5 4.Nc3 Nf6 5.e3 Bb4 6.Nd5 a5 7.Ne2 O-O 8.O-O Re8
9.d4 Bf8 10.a3 d6 11.Rb1 e4 12.Nec3 Nxd5 13.cxd5 Ne7 14.b4 Kh8 15.f3 exf3
16.Qxf3 Ng8 17.e4 g6 18.e5 axb4 19.axb4 dxe5 20.dxe5 Bg7 21.e6 Bxe6 22.dxe6 Qd4+
23.Kh1 Qxc3 24.Qxc3 Bxc3 25.Bxb7 Rab8 26.Bd5 Nf6 27.Bc4 Ne4 28.Rf3 Bg7 29.Be3 c5
30.Bf4 Rxb4 31.Rxb4 cxb4 32.Rb3 g5 33.Be3 Rb8 34.e7 Bf6 35.Be6 Re8 36.Rxb4 Rxe7
37.Rb6 Kg7 38.Bxf5 Nxg3+ 39.hxg3 Rxe3 40.Rb7+ Be7 41.g4 h6 42.Kg2  1/2-1/2

[Event "Najdorf Memorial Open"]
[Site "Warsaw POL"]
[Date "2008.08.02"]
[Round "1"]
[White "Janczarski,M"]
[Black "Chrzaszcz,M"]
[Result "0-1"]
[WhiteElo "2238"]
[BlackElo "1986"]

1.c4 e5 2.g3 g6 3.Bg2 Bg7 4.Nc3 Nc6 5.e3 d6 6.Nge2 Be6 7.d3 f5 8.O-O Nf6
9.Nd5 O-O 10.Rb1 a5 11.a3 Ra7 12.b4 axb4 13.axb4 Ne7 14.Nxe7+ Qxe7 15.b5 d5
16.d4 exd4 17.Nxd4 dxc4 18.Nxe6 Qxe6 19.Bb2 Kh8 20.Qd2 c6 21.bxc6 bxc6 22.Rfc1 Rfa8
23.Bf1 Ne4 24.Bxg7+ Rxg7 25.Qd4 Qd5 26.Ra1 Rxa1 27.Qxa1 Qd2 28.Rb1 Qxf2+
29.Kh1 h5 30.Qd4 Nd2 31.Qb2 c3 32.Qc2 Qxe3 33.Rb8+ Kh7 34.Bd3 Re7 35.Kg2 Qf3+
36.Kh3 Qg4+ 37.Kg2 Re2+  0-1

[Event "8th United Insurance"]
[Site "Dhaka BAN"]
[Date "2008.08.03"]
[Round "7"]
[White "Himanshu,Sh"]
[Black "Abu Sufian,S"]
[Result "1-0"]
[WhiteElo "2423"]
[BlackElo "2418"]

1.c4 e5 2.g3 Nf6 3.Bg2 d5 4.cxd5 Nxd5 5.Nc3 Nb6 6.Nf3 Nc6 7.O-O Be6 8.a3 a5
9.d3 Be7 10.Na4 O-O 11.Bd2 f5 12.Nxb6 cxb6 13.Bc3 Bf6 14.Qa4 Rc8 15.Rac1 Qd7
16.Rfe1 Kh8 17.Qb5 e4 18.Nd2 Qd8 19.Bxf6 Rxf6 20.Rc3 Nd4 21.Qa4 b5 22.Qd1 exd3
23.Rxd3 Qb6 24.Nf3 Nxf3+ 25.exf3 Bc4 26.Rd7 f4 27.Ree7 Rg6 28.Rxb7 Qf6 29.Bf1 fxg3
30.hxg3 Bxf1 31.Kxf1 Qxb2 32.Qd7 Qc1+ 33.Kg2 Rg8 34.Re8 h5 35.Rbb8  1-0